| 000 | 01009nam a2200265Ia 4500 | ||
|---|---|---|---|
| 003 | GCL | ||
| 008 | 140319s9999 xx 000 0 ara d | ||
| 040 |
_aGCL / _cGCL |
||
| 082 | 0 | 4 |
_a016.9561 _bن ا |
| 100 | 1 | _aنجاتى اقطانى | |
| 245 | 1 | 0 |
_aالارشيف العثمانى_ فهرس شامل لوثائق الدولة العثمانية المحفوظة بدار الوثائق التابعة لرئاسة الوزراء باستانبول / _cنجاتى اقطانى |
| 700 | 1 | _aعصمت بينارق | |
| 700 | 1 | _aصالح سعوادى صالح | |
| 260 |
_a[S.N] : _bمركز الابحاث للتاريخ والفنون والثقافة ، _c1986 |
||
| 300 | _a521 | ||
| 490 | _a | ||
| 650 | 0 | 4 | _aالوثائق |
| 650 | 0 | 4 | _aالمخطوطات |
| 650 | 0 | 4 | _aالفهارس |
| 650 | 0 | 4 | _aدارالوثائق التركية |
| 650 | 0 | 4 | _aالوثائق العربية |
| 650 | 0 | 4 | _aالارشيف والمحفوظات |
| 650 | 0 | 4 | _aالحجج الشرعية |
| 942 |
_2ddc _cBK |
||
| 999 |
_c30285 _d30285 |
||